000 00654nam a22002297a 4500
999 _c131465
_d131465
003 OSt
020 _a9788177544657
082 _a630.715
_bDIP/IC
245 _aICTs:
_bDigital opportunities in agricultural extension
260 _aJodhpur
_bAgrobios
_c2012
300 _a496p.
650 _aCommunication and information technology
650 _aBasics of search engines
650 _aLegal control of cyber crime
650 _aWeb design methodology
650 _aTypes of online questionnaires
650 _aSocial computing
700 _aDipak De
700 _aJirli Basavaprabhu
700 _aShaik N Meera eds.
942 _2ddc
_cBK